Statistics for Countries that got the most points for a song in Eurovision

Click here to take the quiz!

General Stats

  • This quiz has been taken 85 times
    (81 since last reset)
  • The average score is 24 of 29

Answer Stats

Country% Correct
United Kingdom
100%
Sweden
100%
Ukraine
99%
Russia
99%
Norway
97%
Austria
97%
Portugal
96%
Finland
94%
Germany
94%
Greece
93%
Serbia
93%
Italy
91%
Bulgaria
91%
Denmark
90%
Australia
88%
Belgium
88%
Netherlands
85%
Ireland
85%
Iceland
84%
Azerbaijan
82%
France
82%
Moldova
76%
Hungary
75%
Poland
73%
Romania
70%
Armenia
64%
Lithuania
58%
Bosnia and Herzegovina
54%
Serbia and Montenegro
43%

Score Distribution

Percentile by Number Answered

Percent of People with Each Score

Your Score History

You have not taken this quiz since the last reset